[Event "2.liga E 25/26 (Veseli nM-MS Brno C)"]
[Site "Veseli"]
[Date "2025.10.12"]
[Round "1.1"]
[White "Uricar, Jakub"]
[Black "Zeman, Matyas"]
[Result "0-1"]
[WhiteElo "2111"]
[BlackElo "2296"]
[PlyCount "46"]
[SourceDate "2025.10.13"]
[WhiteTeam "Veseli nad Moravou"]
[BlackTeam "Moravska Slavia C"]

1. e4 c6 2. d4 d5 3. exd5 cxd5 4. Bd3 Nc6 5. c3 Qc7 6. Ne2 Bg4 7. f3 Bd7 8. O-O
Nf6 9. Bf4 e5 10. dxe5 Nxe5 11. Re1 Bd6 12. Bc2 O-O-O 13. Bg3 h5 14. Nd2 h4 15.
Bxe5 Bxe5 16. h3 Qb6+ 17. Kh1 Nh5 18. Nf1 Qf2 19. Qxd5 Ng3+ 20. Nexg3 hxg3 21.
Qc4+ Bc7 22. h4 Qxc2 23. Nxg3 Qf2 0-1

[Event "2.liga E 25/26 (Veseli nM-MS Brno C)"]
[Site "Veseli"]
[Date "2025.10.12"]
[Round "1.2"]
[White "Bures, Vit"]
[Black "Hudecek, Jan"]
[Result "1/2-1/2"]
[WhiteElo "2210"]
[BlackElo "2158"]
[PlyCount "32"]
[SourceDate "2025.10.13"]
[WhiteTeam "Moravska Slavia C"]
[BlackTeam "Veseli nad Moravou"]

1. d4 d5 2. c4 dxc4 3. e3 Nf6 4. Bxc4 e6 5. Nf3 c5 6. O-O a6 7. dxc5 Bxc5 8.
Qxd8+ Kxd8 9. Be2 b6 10. Ne5 Ke7 11. Bf3 Ra7 12. Nc3 Bb7 13. Bxb7 Rxb7 14. a3
Rc8 15. Bd2 Nbd7 16. Nxd7 Rxd7 1/2-1/2

[Event "2.liga E 25/26 (Veseli nM-MS Brno C)"]
[Site "Veseli"]
[Date "2025.10.12"]
[Round "1.3"]
[White "Symersky, Petr"]
[Black "Holemar, David"]
[Result "0-1"]
[WhiteElo "2055"]
[BlackElo "2186"]
[PlyCount "60"]
[SourceDate "2025.10.13"]
[WhiteTeam "Veseli nad Moravou"]
[BlackTeam "Moravska Slavia C"]

1. d4 c5 2. d5 e5 3. c4 d6 4. Nc3 Be7 5. e4 Bg5 6. Nge2 Bxc1 7. Nxc1 Ne7 8. g3
O-O 9. Bg2 a6 10. a4 f5 11. f3 Nd7 12. O-O f4 13. Nd3 Ng6 14. Bh3 Nf6 15. Bf5
fxg3 16. hxg3 Nh5 17. Bxc8 Rxc8 18. Ne2 Qg5 19. Qc1 Ngf4 20. Ndxf4 Nxf4 21.
Nxf4 exf4 22. Kf2 fxg3+ 23. Kg2 Qh5 24. Kxg3 Rf6 25. Ra3 Rcf8 26. Rc3 Rg6+ 27.
Kf2 Qh2+ 28. Ke1 Rg2 29. b3 Ra2 30. Re3 Rc2 0-1

[Event "2.liga E 25/26 (Veseli nM-MS Brno C)"]
[Site "Veseli"]
[Date "2025.10.12"]
[Round "1.4"]
[White "Skacelik, Petr"]
[Black "Skalka, Jan"]
[Result "1/2-1/2"]
[WhiteElo "2142"]
[BlackElo "2005"]
[PlyCount "107"]
[SourceDate "2025.10.13"]
[WhiteTeam "Moravska Slavia C"]
[BlackTeam "Veseli nad Moravou"]

1. d4 Nf6 2. c4 g6 3. Nc3 d5 4. Bg5 Ne4 5. Bh4 Nxc3 6. bxc3 dxc4 7. e3 Be6 8.
Nf3 Bg7 9. Be2 O-O 10. Qb1 c5 11. O-O Nd7 12. Qxb7 Qa5 13. Ng5 Rab8 14. Qf3
cxd4 15. Nxe6 fxe6 16. Qh3 d3 17. Bg4 Nc5 18. Bxe6+ Nxe6 19. Qxe6+ Kh8 20. Qxc4
Qxc3 21. Qxc3 Bxc3 22. Rac1 Bb4 23. Rfd1 d2 24. Rb1 Ba3 25. Rxb8 Rxb8 26. Bg3
Rc8 27. Kf1 Rc2 28. Ke2 Bc1 29. a4 Kg8 30. Be5 Kf7 31. Bd4 a6 32. a5 Ke6 33.
Kd3 Ra2 34. Bc3 Ra3 35. Kc4 Ra2 36. Kb3 Ra3+ 37. Kb4 Ra2 38. e4 Kd6 39. f4 e6
40. g4 h5 41. gxh5 gxh5 42. f5 exf5 43. exf5 Ke7 44. Rg1 Kf7 45. Kb3 Ra3+ 46.
Kc2 Ra2+ 47. Kd1 Ra3 48. Rg7+ Kf8 49. Rc7 Ra4 50. f6 Rf4 51. Rd7 Ke8 52. Rd6
Kf7 53. Kc2 Rf1 54. Rd7+ 1/2-1/2

[Event "2.liga E 25/26 (Veseli nM-MS Brno C)"]
[Site "Veseli"]
[Date "2025.10.12"]
[Round "1.5"]
[White "Travnicek, Petr"]
[Black "Vechet, Stanislav"]
[Result "1/2-1/2"]
[WhiteElo "2059"]
[BlackElo "2068"]
[PlyCount "118"]
[SourceDate "2025.10.13"]
[WhiteTeam "Veseli nad Moravou"]
[BlackTeam "Moravska Slavia"]

1. d4 d5 2. c4 e6 3. Nc3 Be7 4. Nf3 Nf6 5. Bg5 h6 6. Bxf6 Bxf6 7. e3 b6 8. cxd5
exd5 9. Bd3 Be6 10. O-O Nd7 11. Bb5 c5 12. Bc6 Rc8 13. Bxd5 O-O 14. Bxe6 fxe6
15. Rc1 cxd4 16. exd4 e5 17. dxe5 Nxe5 18. Nxe5 Bxe5 19. Qg4 Bxc3 20. Rxc3 Rxc3
21. bxc3 Qd5 22. Qa4 Rc8 23. Qxa7 Rxc3 24. Qxb6 Qxa2 25. h4 Rc8 26. Re1 Kh8 27.
Qd4 Qa3 28. g3 Rc1 29. Rxc1 Qxc1+ 30. Kh2 Qc7 31. Kh3 Qc8+ 32. Qg4 Qc6 33. Qf5
Qh1+ 34. Kg4 Qd1+ 35. f3 Qd6 36. h5 Qd4+ 37. Qe4 Qd7+ 38. Kh4 Qd8+ 39. Kh3 Qc8+
40. g4 Qc1 41. f4 Qf1+ 42. Kg3 Qg1+ 43. Qg2 Qe3+ 44. Qf3 Qe1+ 45. Kh3 Qe7 46.
Qc3 Qd7 47. Qe3 Qc8 48. Kh4 Qc6 49. g5 hxg5+ 50. fxg5 Qh1+ 51. Kg4 Qd1+ 52. Qf3
Qd4+ 53. Kh3 Qd7+ 54. Qg4 Qb7 55. g6 Qh1+ 56. Kg3 Qe1+ 57. Kf4 Qb4+ 58. Kf5
Qc5+ 59. Kf4 Qb4+ 1/2-1/2

[Event "2.liga E 25/26 (Veseli nM-MS Brno C)"]
[Site "Veseli"]
[Date "2025.10.12"]
[Round "1.6"]
[White "Kredl, Karel"]
[Black "Krizek, Frantisek"]
[Result "1-0"]
[WhiteElo "2020"]
[BlackElo "1932"]
[PlyCount "47"]
[SourceDate "2025.10.13"]
[WhiteTeam "Moravska Slavia C"]
[BlackTeam "Veseli nad Moravou"]

1. Nf3 Nf6 2. d4 d5 3. c4 e6 4. Nc3 c6 5. e3 Bd6 6. b3 O-O 7. Bd3 Nbd7 8. Bb2
Re8 9. Qc2 Nf8 10. O-O Ng6 11. Rfd1 Qe7 12. e4 Bb8 13. Re1 Qd8 14. Rad1 Nf8 15.
Bf1 h6 16. g3 N8h7 17. Bg2 dxe4 18. Nxe4 Nxe4 19. Qxe4 Nf6 20. Qc2 Qc7 21. d5
cxd5 22. Bxf6 gxf6 23. Rxd5 e5 24. Nd4 1-0

[Event "2.liga E 25/26 (Veseli nM-MS Brno C)"]
[Site "Veseli"]
[Date "2025.10.12"]
[Round "1.7"]
[White "Vrtal, Jaroslav"]
[Black "Vavra, Michal"]
[Result "1/2-1/2"]
[WhiteElo "1967"]
[BlackElo "1992"]
[PlyCount "38"]
[SourceDate "2025.10.13"]
[WhiteTeam "Veseli nad Moravou"]
[BlackTeam "Moravska Slavia C"]

1. d4 Nf6 2. Nf3 d5 3. e3 Bf5 4. c4 c6 5. Nc3 e6 6. Bd3 Bxd3 7. Qxd3 Nbd7 8.
O-O Bd6 9. e4 dxe4 10. Nxe4 Nxe4 11. Qxe4 Nf6 12. Qe2 O-O 13. Bg5 h6 14. Bh4
Be7 15. Rad1 Re8 16. Ne5 Nd7 17. Bg3 Nxe5 18. Bxe5 Bf6 19. b3 Qe7 1/2-1/2

[Event "2.liga E 25/26 (Veseli nM-MS Brno C)"]
[Site "Veseli"]
[Date "2025.10.12"]
[Round "1.8"]
[White "Juriga, Tomas"]
[Black "Klenner, Richard"]
[Result "1/2-1/2"]
[WhiteElo "1941"]
[BlackElo "1947"]
[PlyCount "28"]
[SourceDate "2025.10.13"]
[WhiteTeam "Moravska Slavie C"]
[BlackTeam "Veseli nad Moravou"]

1. c4 d6 2. Nc3 e5 3. g3 Be6 4. Bg2 c6 5. d3 f5 6. e4 Nf6 7. Nge2 Be7 8. Qb3
Qd7 9. Bg5 b6 10. Bxf6 Bxf6 11. exf5 Bxf5 12. Ne4 Be7 13. d4 Bg4 14. f3 Be6
1/2-1/2

[Event "2.liga E 25/26 (Vlcnov-Stare Mesto B)"]
[Site "Vlcnov"]
[Date "2025.10.12"]
[Round "1.1"]
[White "Gabriel, Adam"]
[Black "Stary, Simon"]
[Result "1-0"]
[WhiteElo "2266"]
[BlackElo "2065"]
[PlyCount "75"]
[EventDate "2025.10.12"]
[TimeControl "90+30"]
[WhiteClock "0:02:41"]
[BlackClock "0:07:49"]

1. b3  e5  2. Bb2  Nc6  3. e3  d5  4. Bb5
Bd6  5. Nf3  Qe7  6. c4  Nf6  7. c5  Bxc5  8.
Nxe5  Bd7  9. Bxc6  Bxc6  10. Nxc6  bxc6  11. Qc2  O-O  12. O-O  Rad8
13. Rc1  Bd6  14. Qf5  Ne4  15. Rxc6  Rfe8  16. Nc3  g6  17. Qg4  Qf6  18.
f4  Nxd2  19. Qe2  d4  20. Nb5  Qxf4  21. Nxd6  Qxe3+  22. Qxe3  Rxe3  23.
Nb7  Rd5  24. Rxc7  Re2  25. Ba3  h5  26. Rc8+  Kg7  27. Bf8+  Kh7  28. h4  Rf5  29. Bc5  Rf4  30. Rf8  f5  31. Rf7+  Kg8
 32. Re7  Ne4  33. Re8+  Kf7  34. Nd6+  Nxd6
35. Rxe2  Ne4  36. Bxd4  Ng3  37. Re3  Rg4  38. Bxa7  1-0

[Event "2.liga E 25/26 (Vlcnov-Stare Mesto B)"]
[Site "Vlcnov"]
[Date "2025.10.12"]
[Round "1.2"]
[White "Babula, Matej"]
[Black "Travnicek, Krystof Mikulas"]
[Result "1/2-1/2"]
[WhiteElo "2128"]
[BlackElo "2200"]
[PlyCount "39"]
[EventDate "2025.10.12"]
[TimeControl "90+30"]
[WhiteClock "0:45:58"]
[BlackClock "0:36:09"]

1. e4  c6  2. d4  d5  3. exd5  cxd5  4. Bd3
Nf6  5. c3  Bg4  6. Qb3  Qd7  7. Bf4  Nc6  8.
Nd2  e6  9. Ngf3  Bd6  10. Bxd6  Qxd6  11. O-O  O-O  12. Rae1  Bxf3  13. Nxf3
 Qc7  14. Qc2  Rfc8  15. Qe2  g6  16. Ne5
Nxe5  17. dxe5  Nd7  18. h4  Rab8  19. h5  Nc5  20. Rd1  1/2-1/2

[Event "2.liga E 25/26 (Vlcnov-Stare Mesto B)"]
[Site "Vlcnov"]
[Date "2025.10.12"]
[Round "1.3"]
[White "Mudrak, Josef"]
[Black "Soucek, Andrej"]
[Result "1-0"]
[WhiteElo "2186"]
[BlackElo "1994"]
[PlyCount "103"]
[EventDate "2025.10.12"]
[TimeControl "90+30"]
[WhiteClock "0:57:01"]
[BlackClock "0:03:49"]

1. d4  Nf6  2. Nf3  e6  3. c4  Bb4+  4. Nc3
b6  5. Qb3  Bxc3+  6. Qxc3  Ne4  7. Qc2  Bb7  8. g3  f5  9. Bg2  Nf6  10. O-O  d6  11. d5  exd5  12. Ng5  Qd7  13.
Rd1  c6  14. cxd5  cxd5  15. b4  Nc6  16. Qb3
Ne5  17. Bb2  Rd8  18. Nh3  Qf7  19. Nf4  O-O  20. Nxd5  Ne4  21. Bxe5
Bxd5  22. Rxd5  dxe5  23. Rxe5
 Rd4  24. Rxf5  Qxb3  25. Rxf8+  Kxf8  26. axb3  Rxb4  27. Bxe4  Rxe4  28.
Rxa7  Rxe2  29. Rb7  Re6  30. Kg2  Rd6  31. b4  Re6  32. b5  Kg8  33.
g4  g5  34. Kg3  h6  35. h4  Kh8  36. h5
Kg8  37. Rc7  Re5  38. Rc6  Rxb5  39. Rxh6  Kg7  40. Rg6+  Kh7  41. f3
Kh8  42. Rf6  Kg7  43. Rf5  Rxf5  44. gxf5  b5  45. Kf2  Kh6  46. f6  b4  47. Ke2  b3  48. Kd2  b2  49. Kc2  b1=Q+  50.
Kxb1  Kh7  51. Kc2  Kg8  52. h6  1-0

[Event "2.liga E 25/26 (Vlcnov-Stare Mesto B)"]
[Site "Vlcnov"]
[Date "2025.10.12"]
[Round "1.4"]
[White "Stara, Zuzana"]
[Black "Dvorak, Martin"]
[Result "0-1"]
[WhiteElo "1950"]
[BlackElo "2198"]
[PlyCount "82"]
[EventDate "2025.10.12"]
[TimeControl "90+30"]
[WhiteClock "0:21:29"]
[BlackClock "0:31:16"]

1. e4  c5  2. Nf3  Nc6  3. Bb5  g6  4. c3
Bg7  5. d4  cxd4  6. cxd4  Qb6  7. Bxc6  dxc6  8. h3  c5  9. Nc3  Nf6  10. Na4  Qc6  11. Nxc5  Nxe4  12. Nxe4  Qxe4+  13. Be3  Bd7  14. O-O  O-O  15. Re1  Qd5  16. Qd2  Rfe8  17. Bh6  Bh8  18.
Ne5  Be6  19. Rad1  Red8  20. Qf4  Qxa2  21. h4  Rd6  22. h5  Qxb2  23.
hxg6  hxg6  24. Qg3  Bd5  25. Ng4  Re6  26. Ne3  Qb5  27. Nf5  Re8  28.
Bg5  Qd7  29. Nh6+  Kf8  30. Qh4  Bg7  31. Ng4  Bb3  32. Rc1  Qxd4  33. Be3  Qb4  34. f3  f5  35. Qh7  fxg4  36. fxg4  Qxg4
 37. Rf1+  Rf6  38. Rxf6+  exf6  39. Bc5+  Kf7  40. Bxa7  Qf4  41. Rb1
Rh8  0-1

[Event "2.liga E 25/26 (Vlcnov-Stare Mesto B)"]
[Site "Vlcnov"]
[Date "2025.10.12"]
[Round "1.5"]
[White "Kapusta, Petr"]
[Black "Vrana, Frantisek"]
[Result "0-1"]
[WhiteElo "2151"]
[BlackElo "2093"]
[PlyCount "128"]
[EventDate "2025.10.12"]
[TimeControl "90+30"]
[WhiteClock "0:10:35"]
[BlackClock "0:48:18"]

1. e4  e6  2. d4  d5  3. Nd2  c5  4. exd5
Qxd5  5. Ngf3  cxd4  6. Bc4  Qd6  7. O-O  Nf6  8. Re1  Nc6  9. Ne4  Nxe4
 10. Rxe4  Be7  11. Bf4  Qc5  12. Bd3  Bd7
13. Ne5  Rd8  14. Qh5  g6  15. Qh6  Bf8  16. Qg5  Be7  17. Qg3  Bf6  18.
Ng4  Be7  19. Nh6  Qh5  20. Be2  Qh4  21. Bd3  Qxg3  22. fxg3  Kf8  23. Rf1
 f5  24. Re2  Kg7  25. g4  g5  26. gxf5  Kxh6
 27. fxe6  Be8  28. Bd2  Kg7  29. Rf5  Bg6
30. Rb5  Bxd3  31. cxd3  Kg6  32. h4  gxh4  33. Re4  h5  34. Be1  a6  35.
Rxb7  Rb8  36. Rc7  Rhc8  37. Rd7  h3  38. b3  Rb5  39. gxh3  Rc5  40.
Bf2  Rc3  41. Kf1  Rf8  42. Ke1  Bb4  43. e7
Rc2+  44. Kd1  Rd2+  45. Kc1  Nxe7  46. Re6+  Kf5  47. Rexe7  Rxf2  48. Rd5+  Kg6  49. Re6+  Kg7  50.
Rd7+  R8f7  51. Rxf7+  Kxf7  52. Rxa6  Rh2  53. a3  Bd2+  54. Kd1  Bc3  55.
b4  Rxh3  56. Kc2  h4  57. Rh6  Rh1  58. b5
Ke7  59. Kb3  h3  60. Kc4  h2  61. a4  Bd2  62. Rh7+  Kd6  63. Kxd4  Be3+
 64. Ke4  Re1  0-1

[Event "2.liga E 25/26 (Vlcnov-Stare Mesto B)"]
[Site "Vlcnov"]
[Date "2025.10.12"]
[Round "1.6"]
[White "Shanel, Jaroslav"]
[Black "Mostek, Jan"]
[Result "1/2-1/2"]
[WhiteElo "2032"]
[BlackElo "1981"]
[PlyCount "85"]
[EventDate "2025.10.12"]
[TimeControl "90+30"]
[WhiteClock "0:25:39"]
[BlackClock "0:25:35"]

1. e4  e6  2. d4  d5  3. exd5  exd5  4. c4
Nf6  5. Nf3  Bb4+  6. Nc3  O-O  7. a3  Re8+  8. Be2  Bxc3+  9. bxc3
Qe7  10. Bg5  Bg4  11. Bxf6  Qxf6  12. O-O  dxc4  13. h3  Bh5  14. g4
Bg6  15. Ne5  Nc6  16. Nxg6  hxg6  17. Bxc4  Na5  18. Ba2  Rad8  19. Re1 
b6  20. Qa4  Qc6  21. Qxc6  Nxc6  22. Re3  Kf8  23. Rf3  Re7  24. Kg2  Rd6
 25. g5  Nd8  26. h4  Ke8  27. Bc4  Kd7  28.
Re3  c6  29. Kg3  Rxe3+  30. fxe3  Ke7  31. a4  Ne6  32. a5  b5  33. Be2  f6  34. gxf6+  gxf6  35. h5  gxh5  36. Rh1
Rd5  37. Bxh5  Kd6  38. Bf3  Rg5+  39. Kf2  c5  40. Rh8  cxd4  41. exd4 
Rg7  42. Rb8  Rc7  43. Rxb5  1/2-1/2

[Event "2.liga E 25/26 (Vlcnov-Stare Mesto B)"]
[Site "Vlcnov"]
[Date "2025.10.12"]
[Round "1.7"]
[White "Knotek, Josef"]
[Black "Mrkus, Frantisek"]
[Result "1/2-1/2"]
[WhiteElo "1896"]
[BlackElo "2106"]
[PlyCount "48"]
[EventDate "2025.10.12"]
[TimeControl "90+30"]
[WhiteClock "1:03:46"]
[BlackClock "0:37:15"]

1. d4  d5  2. Nf3  Nf6  3. c4  c6  4. e3  e6
 5. Nc3  Nbd7  6. Bd3  Bd6  7. cxd5  exd5  8.
O-O  O-O  9. e4  dxe4  10. Nxe4  Nxe4  11. Bxe4  Nf6  12. Bc2  Qc7  13. Bg5
 Nd5  14. Re1  Bg4  15. h3  Bxf3  16. Qxf3
Bf4  17. Bxf4  Qxf4  18. Qxf4  Nxf4  19. Re7  Rab8  20. Bb3  Ng6  21. Ree1
Nf4 22. Re7  Ng6  23. Rd7  Nf4
 24. Re7  Rfd8  1/2-1/2

[Event "2.liga E 25/26 (Vlcnov-Stare Mesto B)"]
[Site "Vlcnov"]
[Date "2025.10.12"]
[Round "1.8"]
[White "Vavruska, Antonin"]
[Black "Zalesak, Robert"]
[Result "1-0"]
[WhiteElo "1962"]
[BlackElo "1886"]
[PlyCount "77"]
[EventDate "2025.10.12"]
[TimeControl "90+30"]
[WhiteClock "0:15:28"]
[BlackClock "0:02:09"]

1. e4  e5  2. Nf3  Nc6  3. Nc3  Nf6  4. d4
exd4  5. Nd5  Be7  6. Nxd4  O-O  7. Nb5  Nxd5  8. exd5  Ne5  9. d6  cxd6
 10. Be2  a6  11. Nxd6  Qb6  12. Nxc8  Raxc8
13. O-O  Rfd8  14. Qd5  Bf6  15. c3  Qc6  16. Rd1  Qxd5  17. Rxd5  d6  18.
Bf4  Kf8  19. Rad1  Ke7  20. h3  g6  21. Bc1
Rc5  22. f4  Rxd5  23. Rxd5  Nd7  24. Be3  Rc8  25. Bf3  Bg7  26. g4  Rc7
 27. Kf2  Bh8  28. Ke2  Bg7  29. h4  Bh8  30.
h5  Bg7  31. Rd1  Nc5  32. Rh1  b5  33. Rd1
b4  34. cxb4  Na4  35. Rc1  Kd7  36. Rxc7+  Kxc7  37. Bd5  gxh5  38. gxh5  Bxb2  39. Bxf7  1-0

[Event "2.liga E 25/26 (Univerzita-Vsetin)"]
[Site "Brno"]
[Date "2025.10.12"]
[White "Gajdos, Daniel"]
[Black "Motuz, Karol"]
[WhiteElo "2140"]
[BlackElo "2252"]
[Result "1/2-1/2"]
[WhiteElo "2140"]
[BlackElo "2252"]
[PlyCount "69"]
[Round "1.1"]

1.Nf3 d5 2.g3 g6 3.Bg2 Bg7 4.O-O e5 5.d3 Ne7 6.e4 O-O 7.Nc3 Re8 8.exd5 Nxd5 9.Nxd5 Qxd5 10.Be3 Qd7 11.d4 e4 12.Ng5 f5 13.c3 h6 14.Qb3+ Kh8 15.Nf7+ Kh7 16.Ne5 Qe6 17.f3 exf3 18.Bxf3 Qxb3 19.axb3 Nd7 20.Nc4 g5 21.Bf2 Nf6 22.d5 Ne4 23.Bxa7 b5 24.Bxe4 Rxe4 25.Ne3 b4 26.Bc5 Rxa1 27.Rxa1 bxc3 28.bxc3 f4 29.gxf4 gxf4 30.Nc4 Re2 31.Ra7 Bh3 32.Rxc7 Rg2+ 33.Kf1 Kg8 34.Rc8+ Kh7 35.Rc7 1/2-1/2

[Event "2.liga E 25/26 (Univerzita-Vsetin)"]
[Site "Brno"]
[Date "2025.10.12"]
[White "Zadrapova, Amalie"]
[Black "Ibrahim, Emad"]
[WhiteElo "1977"]
[BlackElo "2018"]
[Result "0-1"]
[WhiteElo "1977"]
[BlackElo "2018"]
[PlyCount "74"]
[Round "1.2"]

1.e4 c5 2.Nf3 g6 3.d4 cxd4 4.Nxd4 Nc6 5.c4 Nf6 6.Nc3 Nxd4 7.Qxd4 d6 8.Be3 Bg7 9.f3 O-O 10.Qd2 a5 11.Be2 a4 12.Rc1 Qa5 13.O-O Be6 14.Nd5 Qxd2 15.Nxe7+ Kh8 16.Bxd2 Rfe8 17.Nd5 Nxd5 18.cxd5 Bxd5 19.Bb5 Re5 20.Bc4 Bxc4 21.Rxc4 Rc5 22.Rxc5 Bd4+ 23.Kh1 dxc5 24.Bc1 b5 25.g4 b4 26.Rd1 b3 27.a3 f5 28.Kg2 fxg4 29.fxg4 Rf8 30.Rd2 Kg7 31.Re2 Kf6 32.e5+ Ke6 33.Bh6 Rf7 34.Be3 Kxe5 35.Bd2+ Kd5 36.Be1 Rf6 37.h4 Re6 0-1

[Event "2.liga E 25/26 (Univerzita-Vsetin)"]
[Site "Brno"]
[Date "2025.10.12"]
[White "Jelinek, Ota"]
[Black "Belunek, Vladimir"]
[WhiteElo "2129"]
[BlackElo "2170"]
[Result "1/2-1/2"]
[WhiteElo "2129"]
[BlackElo "2170"]
[PlyCount "74"]
[Round "1.3"]

1.e4 e5 2.Nf3 Nc6 3.Bc4 Nf6 4.d3 Be7 5.O-O O-O 6.Nc3 d6 7.h3 Na5 8.Bb3 c5 9.Nd5 Nxb3 10.Nxe7+ Qxe7 11.axb3 Ne8 12.Qe2 Nc7 13.Bg5 f6 14.Be3 d5 15.exd5 Nxd5 16.Bd2 Be6 17.Rfe1 Rfe8 18.Qe4 Qd7 19.g4 b6 20.Kh2 a5 21.Rg1 Nb4 22.Bxb4 Bd5 23.Qe3 axb4 24.Rxa8 Bxa8 25.Nd2 Bd5 26.Nc4 e4 27.Re1 Re6 28.Qg3 Bxc4 29.bxc4 Qd4 30.Rxe4 Rxe4 31.dxe4 Qxe4 32.Qb8+ Kf7 33.Qc7+ Kg6 34.Qd8 Qxc2 35.Qe8+ Kg5 36.Qe3+ Kg6 37.Qe8+ Kg5 1/2-1/2

[Event "2.liga E 25/26 (Univerzita-Vsetin)"]
[Site "Brno"]
[Date "2025.10.12"]
[White "Stancik, Jakub"]
[Black "Vojtech, Ladislav"]
[WhiteElo "2050"]
[BlackElo "1979"]
[Result "1-0"]
[WhiteElo "2050"]
[BlackElo "1979"]
[PlyCount "95"]
[Round "1.4"]

1.e4 c5 2.Nf3 d6 3.d4 cxd4 4.Nxd4 Nf6 5.Nc3 a6 6.h3 e5 7.Nde2 h5 8.Bg5 Be7 9.Bxf6 Bxf6 10.Nd5 Nc6 11.Nec3 Bg5 12.Bc4 Be6 13.O-O Rc8 14.Bb3 g6 15.Qd3 O-O 16.Kh1 Bh6 17.f4 exf4 18.Nxf4 Bxb3 19.axb3 Nb4 20.Qg3 h4 21.Qf2 Bg7 22.Rad1 Be5 23.Rd2 Qg5 24.Ncd5 Nxd5 25.Nxd5 Bxb2 26.c3 Bxc3 27.Rc2 Bd4 28.Qd2 Qxd2 29.Rxd2 Be5 30.Ne7+ Kg7 31.Nxc8 Rxc8 32.Kg1 Rc3 33.Rf3 Rc1+ 34.Kf2 Bc3 35.Rxd6 Be1+ 36.Ke2 Bg3 37.Rd7 Re1+ 38.Kd2 Rg1 39.Rfxf7+ Kh6 40.Ke3 Rxg2 41.Kf3 Rg1 42.Rh7+ Kg5 43.Rd5+ Kf6 44.Rxb7 Be1 45.Rb6+ Ke7 46.Rxa6 Bb4 47.Rb5 Rg3+ 48.Kf2 1-0

[Event "2.liga E 25/26 (Univerzita-Vsetin)"]
[Site "Brno"]
[Date "2025.10.12"]
[White "Moulis, Mojmir"]
[Black "Parak, Dominik"]
[WhiteElo "2025"]
[BlackElo "2032"]
[Result "1/2-1/2"]
[WhiteElo "2025"]
[BlackElo "2032"]
[PlyCount "61"]
[Round "1.5"]

1.e4 e6 2.d4 d5 3.Nd2 Nf6 4.e5 Nfd7 5.f4 c5 6.Ndf3 cxd4 7.Nxd4 Nc6 8.Ngf3 Bc5 9.c3 O-O 10.Bd3 g6 11.Be3 a5 12.Qc2 Qe7 13.h4 Bxd4 14.Nxd4 Nc5 15.h5 Nxd3+ 16.Qxd3 Nxd4 17.Bxd4 Bd7 18.Qg3 Bb5 19.Kd2 Rfc8 20.Rae1 Ra6 21.hxg6 fxg6 22.f5 exf5 23.e6 Rxe6 24.Rxe6 Qxe6 25.Re1 f4 26.Qxf4 Qf5 27.Qxf5 gxf5 28.Re7 Bc6 29.Rg7+ Kf8 30.Rxh7 Re8 31.Rh8+ 1/2-1/2

[Event "2.liga E 25/26 (Univerzita-Vsetin)"]
[Site "Brno"]
[Date "2025.10.12"]
[White "Kovarik Matyas"]
[Black "Uhmann, Jan"]
[WhiteElo "1974"]
[BlackElo "1978"]
[Result "1-0"]
[WhiteElo "1974"]
[BlackElo "1978"]
[PlyCount "79"]
[Round "1.6"]

1.e4 e5 2.Nf3 Nc6 3.Nc3 Bc5 4.Nxe5 Nxe5 5.d4 Bxd4 6.Qxd4 d6 7.Be2 Nf6 8.Bg5 h6 9.Bh4 g5 10.Bg3 Nc6 11.Bb5 Bd7 12.Bxc6 Bxc6 13.e5 dxe5 14.Bxe5 Qxd4 15.Bxd4 O-O-O 16.Bxf6 Rhe8+ 17.Kf1 Rd2 18.Rc1 Re6 19.Bg7 g4 20.a4 a5 21.Nb1 Rde2 22.b3 h5 23.Bd4 h4 24.Be3 R2xe3 25.fxe3 h3 26.Kf2 hxg2 27.Rhg1 Rf6+ 28.Kg3 Rf3+ 29.Kxg2 Rh3+ 30.Kf1 f5 31.Rd1 Rxe3 32.Rd3 Re6 33.Nc3 Rh6 34.h3 Bf3 35.hxg4 fxg4 36.Nd1 Be4 37.Rd2 Rf6+ 38.Ke1 Re6 39.Kf2 Rf6+ 40.Ke3 1-0

[Event "2.liga E 25/26 (Univerzita-Vsetin)"]
[Site "Brno"]
[Date "2025.10.12"]
[White "Hladik, Josef"]
[Black "Zajicek, Petr"]
[WhiteElo "1996"]
[BlackElo "2006"]
[Result "1-0"]
[WhiteElo "1996"]
[BlackElo "2006"]
[PlyCount "85"]
[Round "1.7"]

1.d4 g6 2.e4 Bg7 3.g3 c5 4.d5 d6 5.Bg2 b5 6.Ne2 Nd7 7.O-O Ngf6 8.h3 O-O 9.Nd2 Rb8 10.a4 b4 11.f4 Ba6 12.Rf2 Qb6 13.a5 Qc7 14.c4 bxc3 15.bxc3 Nh5 16.g4 Bxe2 17.Qxe2 Bxc3 18.Ra3 Bxd2 19.Bxd2 Rb1+ 20.Kh2 Ng7 21.Re3 f6 22.h4 h5 23.Bh3 Kf7 24.gxh5 Nxh5 25.f5 Ng7 26.fxg6+ Ke8 27.h5 Rh8 28.Bxd7+ Qxd7 29.Rh3 Rh1+ 30.Kxh1 Qxh3+ 31.Rh2 Qb3 32.h6 Nf5 33.exf5 Qxd5+ 34.Qg2 Qxf5 35.Qa8+ Kd7 36.Qxa7+ Ke6 37.Re2+ Kd5 38.Qb7+ Kd4 39.Be3+ Kc4 40.Qg2 Qb1+ 41.Kh2 Qf5 42.Rc2+ Kb5 43.Rb2+ 1-0

[Event "2.liga E 25/26 (Univerzita-Vsetin)"]
[Site "Brno"]
[Date "2025.10.12"]
[White "Zadrapa, Radek"]
[Black "Cepicka, Jiri"]
[WhiteElo "2087"]
[BlackElo "1905"]
[Result "1-0"]
[WhiteElo "2087"]
[BlackElo "1905"]
[PlyCount "57"]
[Round "1.8"]

1.e4 c5 2.Nf3 e6 3.d4 cxd4 4.Nxd4 Nc6 5.Nxc6 bxc6 6.Bd3 e5 7.c4 Nf6 8.O-O Be7 9.Nc3 O-O 10.Be3 d6 11.h3 Qc7 12.Qe2 Re8 13.f4 exf4 14.Bxf4 Nd7 15.Qf3 Bf6 16.Rad1 Ne5 17.Qg3 Qb6+ 18.Be3 Qxb2 19.Na4 Qa3 20.Rxf6 Qxa4 21.Be2 Kh8 22.Rfxd6 Ba6 23.Bd4 Ng6 24.Qc3 Kg8 25.Bxg7 c5 26.Bh6 Ne5 27.R1d5 Qb4 28.Qa1 Re6 29.Rxe5 1-0

[Event "2.liga E 25/26 (Prostejov-Loko Brno)"]
[Site "Prostejov"]
[Date "2025.10.12"]
[Round "1.1"]
[White "Hrabal, Matej"]
[Black "Jires, Jiri"]
[WhiteElo "2066"]
[BlackElo "2116"]
[Result "1/2-1/2"]
[PlyCount "121"]
[WhiteTeam "SK Prostejov"]
[BlackTeam "Lokomotiva Brno"]


1. e4 c5 2. Nf3 Nc6 3. d4 cxd4 4. Nxd4 e5 5. Nb5 d6 6. N1c3 a6 7. Na3 Be6 8. Nc4 Rb8 9. Nd5 Bxd5 10. exd5 Nce7 11. Ne3 g6 12. c4 f5 13. f4 Bg7 14. fxe5 Bxe5 15. Qa4+ Kf7 16. Qb3 Nf6 17. Bd3 Kg7 18. O-O Nd7 19. Bd2 Nc5 20. Qc2 Qb6 21. b4 Nxd3 22. Qxd3 Qd4 23. Qxd4 Bxd4 24. Rac1 b5 25. Bc3 Bxc3 26. Rxc3 bxc4 27. Rxc4 Rhc8 28. Rfc1 Rxc4 29. Rxc4 Kf6 30. a3 Rb7 31. g4 fxg4 32. Nxg4+ Kf5 33. Ne3+ Ke5 34. Kf2 Nxd5 35. Ng4+ Kf5 36. Rd4 Nc3 37. Ne3+ Ke5 38. Rd3 Rf7+ 39. Kg2 Rc740. Kf3 h5 41. h4 d5 42. Nc2 Nb5 43. Re3+ Kf5 44. Ne1 d4 45. Rd3 Ke5 46. Ke2
Ke4 47. Rg3 Rc6 48. Nd3 Nc3+ 49. Kd2 Rf6 50. Rg5 Nb1+ 51. Ke2 Nc3+ 52. Kd2 Rd6 53. Nc5+ Kf3 54. Kd3 Ne2 55. Kd2 Nf4 56. Nd3 Nxd3 57. Kxd3 Kf4 58. a4 Rb6 59. b5 axb5 60. axb5 Rd6 61. Rg1 1/2-1/2

[Event "2.liga E 25/26 (Prostejov-Loko Brno)"]
[Site "Prostejov"]
[Date "2025.10.12"]
[Round "1.2"]
[White "Kratochvil, Karel"]
[Black "Zavurka, Roman"]
[WhiteElo "2136"]
[BlackElo "2143"]
[Result "0-1"]
[PlyCount "90"]
[WhiteTeam "SK Prostejov"]
[BlackTeam "Lokomotiva Brno"]


1. d4 Nf6 2. c4 d6 3. Nf3 Nbd7 4. g3 e5 5. Bg2 c6 6. O-O Be7 7. Nc3 O-O 8. Qc2 Re8 9. b3 Bf8 10. Bb2 Qc7 11. Rfd1 e4 12. Ng5 d5 13. Rac1 Nb6 14. cxd5 cxd5 15. Nh3 Qd8 16. Nb5 Bd7 17. Nc7 Rc8 18. Nxe8 Rxc2 19. Nxf6+ Qxf6 20. Rxc2 g5 21.
Bc1 h6 22. Kf1 Qg6 23. Ng1 e3 24. Rc3 Bb4 25. Rcd3 Bb5 26. Bxe3 Bxd3 27. Rxd3 Qc6 28. Bh3 Qc2 29. a4 Nc8 30. f4 Nd6 31. fxg5 hxg5 32. Bxg5 Ne4 33. Bf4 Bd2 34. Bxd2 Nxd2+ 35. Kf2 Nxb3 36. Bg2 Nc1 37. Re3 Qxa4 38. Bxd5 Qxd4 39. Bxb7 a5 40. Nf3 Qc5 41. Nh4 a4 42. Kf3 a3 43. Re8+ Kg7 44. Ra8 a2 45. e3 Qe5 0-1